| 000 | 00616nam a2200193Ia 4500 | ||
|---|---|---|---|
| 003 | GCL | ||
| 008 | 140319s9999 xx 000 0 ara d | ||
| 040 |
_aGCL / _cGCL |
||
| 082 | 0 | 4 |
_a953.2 _bم ج |
| 100 | 1 | _aمحمود الشرقاوى | |
| 245 | 1 | 0 |
_aجنوب الجزيرة العربية / _cمحمود الشرقاوى |
| 300 | _a149 ص | ||
| 490 | _a | ||
| 650 | 0 | 4 | _aشبه الجزيرة العربية |
| 650 | 0 | 4 | _aالاستعمار فى البلاد العربية |
| 650 | 0 | 4 | _aجامعة الدول العربية |
| 650 | 0 | 4 | _aاليمن - تاريخ - العصر الحديث |
| 942 |
_2ddc _cBK |
||
| 999 |
_c40684 _d40684 |
||